Better policies for development recommendations for policy coherence : 2011

Salvato in:
Dettagli Bibliografici
Natura: Libro
Lingua:inglese
Pubblicazione: Paris OECD 2011
Soggetti:
Tags: Aggiungi Tag
Nessun Tag, puoi essere il primo ad aggiungerne!!

MARC

LEADER 00000nam a2200000 4500
001 0168664
005 20221108071139.2
020 |a 978-92-64-11594-1 
041 0 |a eng 
044 |a FR 
245 1 0 |a Better policies for development  |b recommendations for policy coherence : 2011 
264 1 |a Paris  |b OECD  |c 2011 
300 |a 76 s. 
610 2 0 |a rast hospodársky 
610 2 0 |a rozvoj hospodársky 
610 2 0 |a politika hospodárska 
610 2 0 |a obchod 
610 2 0 |a investovanie 
610 2 0 |a regulácia finančná 
610 2 0 |a veda 
610 2 0 |a technológie nové 
610 2 0 |a inovácia 
610 2 0 |a dane 
610 2 0 |a korupcia 
610 2 0 |a zmeny klimatické 
610 2 0 |a bezpečnosť potravinová 
610 2 0 |a bezpečnosť energetická 
610 2 0 |a bezpečnosť environmentálna 
610 2 0 |a trh práce 
610 2 0 |a vzdelávanie 
610 2 0 |a migrácia 
610 2 0 |a zdravie